[Event "AUT-ch Open 2020"]
[Site "Graz"]
[Date "2020.02.20"]
[Round "8.13"]
[White "Istratescu, Andrei"]
[Black "Dimitrov, Vladimir"]
[Result "1-0"]
[WhiteElo "2552"]
[BlackElo "2285"]
[Annotator "TA"]
[PlyCount "57"]
[EventDate "2020.02.14"]
[EventType "swiss"]
[EventCountry "AUT"]
[SourceTitle "playchess.com"]
[Source "ChessBase"]
[SourceQuality "1"]

{[%evp 18,57,26,-4,25,34,18,17,28,2,118,112,122,59,141,137,139,141,143,147,326,83,83,20,89,88,209,223,193,148,165,153,140,143,118,116,116,103,533,527,670,12]} 1. e4 c5 2. Nf3 d6 3. d4 cxd4 4. Nxd4 Nf6 5. Nc3 a6 6. Be3 e6 7. f3 b5 8. Qd2 Nbd7 9. g4 h6 10. O-O-O b4 {The modern move. B80: Sicilian Scheveningen: 6 g3 and 6 Be3, including English Attack.} 11. Nce2 Qc7 12. h4 d5 {The position is equal.} 13. Bh3 {Strongly threatening g5.} dxe4 (13... Nb6 $11) 14. g5 $1 $16 exf3 15. Bf4 Qb6 ({Black should try} 15... e5 $14 16. Nxf3 b3 17. axb3 exf4) 16. gxf6 fxe2 17. Qxe2 {[%cal Rh3e6] Threatens to win with Bxe6!} Nxf6 18. Rhe1 $1 {[#] aiming for Bg2.} Bd7 $146 {[#]} (18... Bc5 $16 19. Be5 Rg8) ({Predecessor:} 18... Bc5 19. Be5 Be7 20. Qg2 Bb7 21. Qxg7 Rg8 22. Qxh6 Rg6 {1-0 (22) Kavon,R (1981)-Varela,A (2063) ICCF email 2018}) 19. Qg2 $2 (19. Bxe6 $1 $18 {[%mdl 512] and the rest is easy.} fxe6 (19... Bxe6 20. Qc4) 20. Qg2) 19... Rc8 20. Kb1 ({White should play} 20. Be5 $1 $16) 20... h5 (20... Be7 $1 $11 {remains equal.}) 21. Nf5 Rh7 {[#]} (21... Rg8 $16) 22. Nd6+ $1 $18 Bxd6 23. Bxd6 {Hoping for Bxe6!} Ng4 24. Bxg4 hxg4 25. Qxg4 Qf2 26. Re2 $40 {[%mdl 128] White goes for the king.} Qxh4 {[#]} 27. Qg1 $1 {And now Rh2 would win.} Rc6 $2 {[%mdl 8192]} (27... Qc4 $16 28. Red2 a5) 28. Red2 ({Less strong is} 28. Qa7 Qd8 $16) 28... Qe4 29. Bxb4 $2 {[%mdl 32768] Accuracy: White = 74%, Black = 34%. . Loss on time!?} ({White has to play} 29. Qa7 $18 f6 30. Bc5 Rxc5 31. Qxd7+ Kf8 32. Qd6+ {[%mdl 64] Double Attack} Kg8 33. Qxc5) 1-0

[Event "AUT-ch Open 2020"]
[Site "Graz"]
[Date "2020.02.20"]
[Round "8.13"]
[White "Murray, David"]
[Black "Papakonstantinou, Dimitrios"]
[Result "1-0"]
[WhiteElo "2145"]
[BlackElo "2275"]
[Annotator "TA"]
[PlyCount "55"]
[EventDate "2020.02.14"]
[EventType "swiss"]
[EventCountry "AUT"]
[SourceTitle "playchess.com"]
[Source "ChessBase"]
[SourceQuality "1"]

{[%evp 16,57,0,0,0,0,0,0,1,-10,18,0,14,5,26,7,21,0,15,0,18,18,114,0,0,0,0,0,0,-51,-2,-15,295,300,291,295,663,665,871,872,828,825,796,783]} 1. e4 c5 2. Nf3 d6 3. d4 cxd4 4. Nxd4 Nf6 5. Nc3 a6 6. f4 e5 7. Nf3 Qc7 8. Bd3 Be7 9. O-O b5 {B93: Sicilian Najdorf: 6 f4.} 10. Qe1 Nbd7 11. Kh1 O-O {The position is equal.} 12. Nh4 g6 13. f5 {[#]} Bb7 $146 ({Predecessor:} 13... b4 14. Nd1 Nc5 15. Bh6 Bb7 16. Bxf8 Rxf8 17. Nf2 d5 18. exd5 Bxd5 19. fxg6 hxg6 20. Bxg6 fxg6 21. Nxg6 {0-1 (28) Oltean,D (2333)-Tarlev,K (2559) Mamaia 2019}) 14. Bh6 Rfe8 15. Qg3 {[%cal Rf5g6]} Nh5 16. Qh3 Ndf6 17. Nd5 (17. g4 {seems wilder.} Nf4 18. Bxf4 exf4 19. g5 Nh5 20. Qg2) 17... Nxd5 18. fxg6 hxg6 (18... Ndf4 $11 {remains equal.} 19. Rxf4 Nxf4 20. gxf7+ Kxf7 21. Qf5+ {[%mdl 64] Double Attack} Kg8 22. Qg4+ Kf7 23. Qf5+ Kg8 24. Qg4+ Kf7 25. Qf5+) 19. exd5 ({Only move:} 19. Nxg6 $16 fxg6 20. exd5) 19... Bxh4 $11 (19... Bxd5 $2 20. Nxg6 fxg6 21. Qg4 $1 $18 {[%mdl 512]}) 20. Qxh4 Bxd5 21. Rf5 $40 {[%mdl 128] aiming for Rxh5. White is up to no good.} Ng7 22. Rg5 ({But not} 22. Bxg7 Kxg7 23. Qf6+ Kg8 $17) ({Better is} 22. Qf6 $11 Ne6 23. Rff1) 22... Qe7 {Strongly threatening ...e4.} 23. Qg3 $1 {And now Bxg7 would win.} Ra7 $2 {[%mdl 8192] [#] Loses the game.} (23... e4 $11 {and Black stays safe.} 24. Bxg7 (24. Rxd5 exd3 25. Bxg7 Kxg7 $11) 24... Kxg7 25. Rxd5 exd3 26. Rxd3 Rac8) 24. Bxg7 $1 $18 Kxg7 {[#]} 25. Bxg6 $1 {[%mdl 512]} Kf8 $2 (25... Qxg5 26. Qxg5 fxg6) (25... fxg6 26. Rxg6+) 26. Rf1 {White is clearly winning.} Qe6 27. Qh4 Rc8 28. Bh7 {Played: Bg6-f5} 1-0

[Event "AUT-ch Open 2020"]
[Site "Graz"]
[Date "2020.02.20"]
[Round "8.14"]
[White "Stoleriu, George"]
[Black "Shengelia, David"]
[Result "1-0"]
[WhiteElo "2557"]
[BlackElo "2557"]
[Annotator "TA"]
[PlyCount "167"]
[EventDate "2020.02.14"]
[EventType "swiss"]
[EventCountry "AUT"]
[SourceTitle "playchess.com"]
[Source "ChessBase"]
[SourceQuality "1"]

{[%evp 11,167,17,27,18,30,19,34,23,19,12,19,14,27,5,19,-13,17,-8,0,-37,-27,-64,-64,-56,-72,-71,-70,-65,-48,-72,-85,-100,-67,-67,-68,-70,-12,-83,-17,-120,-116,-124,-110,-141,-137,-147,-127,-175,-103,-84,-54,-54,-57,-60,-37,-45,-28,-28,-28,-28,-28,-35,-33,-33,-32,-32,-32,-33,-33,-33,-33,-33,-33,-35,-33,-35,-35,-35,-28,-28,-28,-35,-28,-28,-25,-35,-28,-33,-28,-39,0,-28,0,-28,0,-28,0,-28,0,-28,-12,-28,-28,-28,0,-28,-28,-28,-28,-28,0,0,0,-28,-28,-28,-19,-28,-28,-28,-28,-28,-20,-28,-28,-28,-28,-28,0,-28,0,-28,0,-28,0,-28,0,-28,0,-29,-22,-28,0,-28,0,-29,-21,-29,0,0,0,0,292,292,29996,29997,29997,29998]} 1. e4 c5 2. Nf3 Nc6 3. Bb5 e6 4. O-O Nge7 5. d4 cxd4 6. Nxd4 Qb6 7. Nxc6 {B30: Sicilian: 2...Nc6 3 Bb5, lines without ...g6.} dxc6 8. Bd3 Ng6 9. Nd2 {White is slightly better.} e5 10. Nc4 Qc7 11. a4 {[#]} Bc5 $146 ({Predecessor:} 11... Be6 12. Be3 b6 13. Qh5 Be7 14. g3 Qc8 15. Nxe5 Nxe5 16. Qxe5 Bf6 17. Qd6 Bxb2 18. Rad1 Bf6 19. Ba6 Qxa6 20. Qxc6+ {1-0 (20) Stany,G (2494)-Toma,R (2354) Arad 2018}) 12. Qh5 Be6 13. Kh1 {Threatening f4!} b6 14. c3 O-O 15. b4 Be7 16. Be3 Rfd8 $36 {[%mdl 2048] Black fights for an advantage.} 17. Qe2 Nf4 18. Bxf4 exf4 19. e5 g6 20. Rfd1 Rd7 21. Nd2 Rad8 22. Nf3 c5 23. b5 $1 Bd5 (23... Bg4 $15) 24. Bc2 (24. Be4 $11) 24... c4 (24... Bf8 $17) 25. Nd2 (25. Be4 $11 {keeps the balance.}) 25... Bf8 $17 26. Nf3 Bg7 27. Re1 Bxf3 28. Qxf3 Bxe5 29. Rad1 {[#]} Rxd1 ({Better is} 29... Rd2 $1 $19 {[%cal Rd2c2]} 30. g3 Rxc2 31. Rxe5 fxg3 32. hxg3 Qxe5 33. Rxd8+ Kg7) 30. Rxd1 Rxd1+ 31. Bxd1 Qd6 32. Be2 Qa3 {[%mdl 64] ...Qc1+ is the strong threat. Double Attack} 33. g3 Qxa4 34. Qd5 $1 f3 35. Bxf3 Bxc3 36. Be2 Qc2 37. Qxc4 Qb2 38. Kg2 Bd4 39. Qd3 Bc5 40. Qf3 $1 Qd4 41. Bd1 Kg7 42. Bb3 Qd7 43. Qd5 Qe7 44. Qf3 Bd4 45. Qd5 Bc3 46. Qf3 Be5 47. Qd5 Bb2 48. Qf3 h5 49. h4 f5 50. Qe3 Qb4 (50... Qxe3 {is interesting.} 51. fxe3 Bf6 52. Kf3 g5 53. hxg5 Bxg5 54. e4 fxe4+ 55. Kxe4 Kg6) 51. Qd3 Kh7 52. Qc4 Qe1 53. Qe6 Qd2 54. Qc4 Bg7 55. Qd5 Qb2 56. Qd3 Bd4 57. Qc2 Qa3 58. Qd3 Qa1 59. Qd1 Qc3 60. Qc2 Qe1 (60... Qc5 {keeps more tension.} 61. Qc4 Kh6 62. Qe2 Qc3 63. Bf7 Be5) 61. Qc7+ {[%mdl 64] [#] Double Attack} Bg7 {Strongly threatening ...Qe4+.} 62. Qc4 ({Don't play} 62. Qxa7 Qe4+ 63. Kh2 Qf3 $15) 62... Qe5 63. Qd5 Qf6 64. Qc4 Qe7 65. Qg8+ Kh6 66. Qe6 Qd8 67. Qd5 Qe8 68. Qd2+ Kh7 69. Qd5 Qf8 70. Qc4 Qe7 71. Qe6 Qa3 72. Qe3 {Hoping for Bg8+!} Qb4 73. Qd3 Qe1 74. Qd5 Qa1 75. Qd1 Qf6 76. Qf3 Qb2 77. Qd3 Qc1 78. Qd1 Qc8 79. Qf3 a5 80. bxa6 $1 Qxa6 81. Qc6 {aiming for Bf7.} Qa5 $2 {[%mdl 8192]} (81... Qa7 $11) 82. Bf7 $18 Qd2 $2 (82... Kh8 $18 83. Bxg6 Qc5 84. Qa8+ Qf8) 83. Bxg6+ {[%mdl 64] Double Attack} Kg8 84. Qe8+ {Never resign too early! Accuracy: White = 67%, Black = 66%.} 1-0

[Event "AUT-ch Open 2020"]
[Site "Graz"]
[Date "2020.02.20"]
[Round "8.14"]
[White "Breneis, Lukas"]
[Black "Palczert, Matyas"]
[Result "1-0"]
[WhiteElo "2250"]
[BlackElo "2094"]
[Annotator "TA"]
[PlyCount "95"]
[EventDate "2020.02.14"]
[EventType "swiss"]
[EventCountry "AUT"]
[SourceTitle "playchess.com"]
[Source "ChessBase"]
[SourceQuality "1"]

{[%evp 15,95,-14,-13,-22,-22,-35,4,-28,-17,-17,-17,-18,-20,-20,-15,-14,14,16,18,19,19,6,34,0,0,0,0,0,0,0,0,0,0,0,0,0,0,0,0,0,-10,-21,37,0,131,141,140,143,144,141,159,152,175,152,155,128,146,104,158,0,138,0,143,68,60,60,555,499,779,758,749,108,324,191,946,942,906,895,1062,1047,2040,1885]} 1. e4 c5 2. Nf3 Nf6 3. d3 d5 4. Nbd2 e6 5. g3 Be7 6. Bg2 O-O 7. O-O Nc6 8. c3 Qc7 9. Qc2 {C00: French: Unusual White 2nd moves.} Rd8 10. Re1 b6 11. Nf1 {The position is equal.} dxe4 12. dxe4 Ba6 {[#]} 13. Bf4 $146 {[%cal Rf4c7]} ({Predecessor:} 13. Qa4 Bd3 14. e5 Nd5 15. Bd2 c4 16. Ne3 Rab8 17. Nd4 Nxd4 18. Nxd5 Rxd5 19. Bxd5 {½-½ (74) Castillo,E (1912)-Vocaturo,D (2606) Antofagasta 2017}) 13... e5 14. Bg5 $1 Bd3 15. Qc1 $1 h6 16. Bxf6 $1 Bxf6 17. Ne3 Bxe4 18. Ng4 Bxf3 19. Nxf6+ (19. Bxf3 $5 {[%cal Rg4f6]} Rd6 20. Qc2 $11) 19... gxf6 20. Bxf3 Kg7 21. Qc2 Rac8 22. Qf5 Ne7 $1 {[%cal Re7f5]} 23. Qg4+ Kh8 24. Qh5 Kg7 $1 25. Qg4+ Kh8 26. Qh5 Kg7 $1 27. Bg4 Rb8 28. Re4 c4 (28... Rd6 $11) 29. Rae1 {[%mdl 1024] White has compensation.} Rd2 {[#]} (29... b5 $11) 30. Be6 $1 $16 {[%mdl 512]} Ng6 (30... fxe6 $2 31. Rg4+ Kf8 32. Qxh6+ Ke8 33. Qxd2 $18) 31. Bf5 {Strongly threatening Rg4.} Qc5 {[#]} 32. Rf1 $1 {Hoping for Rg4.} Qf8 33. Rxc4 {aiming for Bxg6.} Qd8 34. Rg4 {[%cal Rf5g6]} Qe8 35. b3 Rbd8 36. Rc4 Qe7 (36... Ne7 $142) 37. Rg4 {[%cal Rf5g6]} Qe8 38. Rc4 Qe7 $1 39. Qf3 (39. h4 $16) 39... Rxa2 40. h4 {Threatens to win with h5.} Qf8 $2 {[%mdl 8192]} ({Black should try} 40... e4 $14 41. Bxe4 (41. Rxe4 Ne5 $11) 41... Ne5) 41. Bxg6 fxg6 {[#]} (41... Kxg6 $142 42. Rg4+ Kh7 43. Qf5+ (43. Qxf6 Re2 $18) 43... Kh8 44. Qxf6+ Kh7 45. Qf5+ (45. Qxe5 Ra5 $18) 45... Kh8 46. Qxe5+ f6) 42. Rc7+ $1 $18 Kg8 43. h5 $2 (43. Rd1 $18 {and the rest is easy.}) 43... f5 $2 ({Not} 43... Qd6 $2 44. Qb7 $18) (43... Rad2 $16 {was worth a try.}) 44. hxg6 $40 {[%mdl 128] White wants a kill.} (44. Qc6 $142 Qe8 45. Qf6 (45. Qxg6+ Qxg6 46. hxg6 Rd6 $15)) 44... e4 $2 (44... Qd6 45. Rc6 Qd7) 45. Qh5 {White is clearly winning.} e3 46. Rf7 {[%mdl 64] Double Attack} e2 47. Rxf8+ Kxf8 48. Qxf5+ {Accuracy: White = 75%, Black = 55%.} 1-0

[Event "AUT-ch Open 2020"]
[Site "Graz"]
[Date "2020.02.20"]
[Round "8.15"]
[White "Tuncer, Tuna"]
[Black "Novikov, Stanislav"]
[Result "0-1"]
[WhiteElo "2531"]
[BlackElo "2531"]
[Annotator "TA"]
[PlyCount "92"]
[EventDate "2020.02.14"]
[EventType "swiss"]
[EventCountry "AUT"]
[SourceTitle "playchess.com"]
[Source "ChessBase"]
[SourceQuality "1"]

{[%evp 17,94,6,12,0,4,0,0,-13,-1,-20,-15,-63,-33,-40,-21,-37,0,-46,-15,-74,-61,-112,-114,-130,-81,-112,-73,-122,-91,-94,-102,-93,-89,-92,-80,-104,-99,-170,-37,-47,-50,-57,-56,-42,-52,-21,-29,-30,-45,-305,-298,-468,-410,-444,-417,-402,-401,-395,-389,-466,-372,-353,-372,-335,-354,-551,-541,-641,-634,-727,-643,-783,-795,-916,-910,-863,-837,-789,-756]} 1. e4 c5 2. Nf3 Nc6 3. Bb5 g6 4. O-O Bg7 5. c3 Nf6 6. Qe2 O-O 7. d4 cxd4 8. cxd4 d5 9. e5 Ne4 {9...Ne8 is not played anymore.} 10. Be3 {B31: Sicilian: 2...Nc6 3 Bb5 g6.} f6 {[%cal Rf6e5] 10...f6 has become a bit dusty these days.} 11. Bxc6 bxc6 {[#]} 12. h3 $146 {The position is equal.} ({Predecessor:} 12. Qc2 Rb8 13. Qxc6 Rxb2 14. Nc3 Bb7 15. Qe6+ Kh8 16. Na4 Rb4 17. Rab1 Bc8 18. Qc6 {½-½ (78) Cherniaev,A (2473)-Carron,J (2345) Biel 2006}) 12... g5 13. exf6 exf6 14. Rc1 Bd7 15. Nbd2 Qe7 16. Qa6 h5 17. b4 Rfb8 18. Rab1 (18. a3 $11) 18... Rb6 $17 19. Qa5 (19. Qa3 $15) 19... Nd6 20. Qc5 Rb5 21. Qc3 Nf5 22. Nf1 Rab8 {[%cal Rb5b4]} 23. Bd2 {[#]} a5 $1 {[%cal Ra5b4][%mdl 512]} 24. a3 (24. bxa5 Rxb1) 24... axb4 25. Rxb4 Rxb4 26. axb4 Bf8 27. Ra1 (27. Qd3 $17 {is a better defense.}) 27... g4 ({Black should play} 27... Qxb4 $19 28. Qxb4 Bxb4) 28. hxg4 hxg4 29. N3h2 Qe4 30. Ng3 Qxd4 31. Qxd4 Nxd4 32. Bc3 Nb5 $36 {[%mdl 2048] Black has some pressure.} 33. Bb2 $2 {[%mdl 8192] [#] This move loses the game for White.} (33. Nh5 $15 Nxc3 34. Nxf6+ Kf7 35. Nxd7 Rxb4 36. Ne5+ Ke6 37. Nxc6) 33... Kf7 $19 ({Not} 33... Bxb4 34. Nh5 $17) 34. Ra4 (34. Nh5 $142 d4 35. f3) 34... Bd6 35. Nhf1 Re8 36. Ra1 Bxb4 37. Ne3 Kg6 38. Ra4 Bc3 39. Bxc3 Nxc3 40. Ra7 Rd8 41. f4 (41. Nc2 {was called for.}) 41... d4 {Black is clearly winning.} 42. Nc4 Be6 43. Nd2 Rb8 44. Re7 Bd5 45. f5+ Kh6 46. Kf2 c5 {Played: Rb8-b2} 0-1

[Event "AUT-ch Open 2020"]
[Site "Graz"]
[Date "2020.02.20"]
[Round "8.15"]
[White "Bakalarz, Mietek"]
[Black "Zoernpfenning, Siegfried"]
[Result "1-0"]
[WhiteElo "2245"]
[BlackElo "2094"]
[Annotator "TA"]
[PlyCount "85"]
[EventDate "2020.02.14"]
[EventType "swiss"]
[EventCountry "AUT"]
[SourceTitle "playchess.com"]
[Source "ChessBase"]
[SourceQuality "1"]

{[%evp 16,85,49,41,37,40,50,59,58,39,38,37,38,37,46,44,31,23,86,65,58,9,12,0,0,-7,31,30,21,19,74,70,63,8,4,0,17,0,98,-70,-85,-88,-73,-107,-37,-299,0,0,26,22,20,16,16,47,117,117,114,120,113,136,291,304,515,510,508,512,494,481,436,338,327,297]} 1. e4 c5 2. c3 Nf6 3. e5 Nd5 4. d4 cxd4 5. Nf3 Nc6 6. cxd4 e6 7. Bd3 d6 8. a3 Qc7 9. O-O Bd7 {[%cal Rd6e5] B22: Sicilian: 2 c3.} 10. Re1 dxe5 11. dxe5 Be7 {White is slightly better.} 12. Bd2 O-O 13. Nc3 Nxc3 14. Bxc3 Rfd8 15. Qe2 Be8 16. Rac1 {[#]} Rd7 $146 (16... Rac8 $11) ({Predecessor:} 16... Qb6 17. Qe4 g6 18. Bb1 Rac8 19. Ba2 Qa6 20. Qf4 b5 21. Bb1 Na5 22. Qh6 Nb3 {0-1 (35) Zelbel,P (2403)-Vlasak,L (2319) Caldas Novas 2011}) 17. Qe4 g6 18. b4 Qd8 19. Bb5 Rc8 20. Bb2 Rd5 21. Bc4 $36 {[%mdl 2048] White has the initiative.} Rd7 22. h4 Nb8 (22... Bf8 $11) 23. Nd4 Qb6 24. Bb3 (24. h5 $14 Bg5 25. hxg6 hxg6 26. Rc2) 24... Rcd8 $11 {[%cal Rd7d4]} 25. Nf3 a5 {[%cal Ra5b4]} 26. Bc3 Na6 (26... axb4 $11 {keeps the balance.} 27. axb4 Nc6) 27. Rb1 $2 {[#]} ({Better is} 27. Ba4 $16) 27... axb4 $15 28. axb4 Rd3 29. Rec1 Nc7 ({Stronger than} 29... Nxb4 30. Bc4 $14) (29... Bc6 $17 30. Qe2 Bxf3 31. gxf3 Bxh4) 30. Ng5 $2 {[%mdl 8192]} (30. Bc4 $15 Bc6 31. Qf4) 30... Qc6 $2 (30... Nb5 $19 31. Be1 Na3) 31. Qxc6 Bxc6 32. Bc4 {[#] aiming for b5.} R3d7 33. b5 Bd5 34. b6 Na6 (34... Bxc4 $14 35. bxc7 {[%mdl 64] Discovered Attack} Rc8) 35. Bb5 $16 Bc6 36. Bxc6 bxc6 37. Ne4 Rd5 $2 (37... Rb7 $16 {was necessary.}) 38. Ra1 $18 Nc5 $2 (38... Nb8 39. Nf6+ Bxf6) 39. Nxc5 Bxc5 40. b7 Rb8 41. Ra8 Rdd8 42. Ba5 Rxa8 43. bxa8=Q {Quite a comeback for White. Accuracy: White = 72%, Black = 62%.} ({Not} 43. Rxc5 Rd1+ 44. Kh2 Rb8 $17) ({Don't take} 43. bxa8=R Bxf2+ 44. Kxf2 Rxa8 $18) 1-0

[Event "AUT-ch Open 2020"]
[Site "Graz"]
[Date "2020.02.20"]
[Round "8.16"]
[White "Kilgus, Georg"]
[Black "Chylewski, Patryk"]
[Result "1-0"]
[WhiteElo "2450"]
[BlackElo "2450"]
[Annotator "ChessBase"]
[PlyCount "73"]
[EventDate "2020.02.14"]
[EventType "swiss"]
[EventCountry "AUT"]
[SourceTitle "playchess.com"]
[Source "ChessBase"]
[SourceQuality "1"]
[TimeControl "40/5400+30:1800+30"]

1. d4 {[%emt 0:00:00]} Nf6 {[%emt 0:00:00]} 2. c4 {[%emt 0:00:00]} e6 {[%emt 0:00:00]} 3. Nf3 {[%emt 0:00:00]} d5 {[%emt 0:00:00]} 4. g3 {[%emt 0:00:00]} Bb4+ {[%emt 0:00:00]} 5. Bd2 {[%emt 0:00:00]} Bd6 {[%emt 0:00:00]} 6. Nc3 {[%emt 0:00:00]} c6 {[%emt 0:04:26]} 7. Qc2 {[%emt 0:00:27]} Nbd7 {[%emt 0:03:15]} 8. e4 {[%emt 0:00:32]} dxe4 {[%emt 0:00:52]} 9. Nxe4 {[%emt 0:01:20]} Nxe4 {[%emt 0:00:05]} 10. Qxe4 {[%emt 0:00:04]} Qc7 {[%emt 0:01:23]} 11. Bg2 {[%emt 0:09:16]} O-O {[%emt 0:05:32]} 12. O-O {[%emt 0:00:06]} e5 {[%emt 0:06:51]} 13. c5 {[%emt 0:03:47]} Be7 {[%emt 0:01:09]} 14. Nxe5 {[%emt 0:00:03]} Nxe5 {[%emt 0:00:20]} 15. Bf4 {[%emt 0:00:03]} Be6 {[%emt 0:02:58]} 16. b4 {[%emt 0:04:09]} Qd7 {[%emt 0:08:03]} 17. dxe5 {[%emt 0:02:41]} Rfd8 {[%emt 0:06:57]} 18. Bf3 {[%emt 0:02:06]} Bd5 {[%emt 0:01:19]} 19. Qe2 {[%emt 0:03:33]} Bxf3 {[%emt 0:01:01]} 20. Qxf3 {[%emt 0:00:03]} Qf5 {[%emt 0:01:39]} 21. g4 {[%emt 0:10:42]} Qd3 {[%emt 0:04:35]} 22. Qxd3 {[%emt 0:06:55]} Rxd3 {[%emt 0:00:06]} 23. Rfd1 {[%emt 0:00:10]} Rad8 {[%emt 0:00:17]} 24. Rxd3 {[%emt 0:00:04]} Rxd3 {[%emt 0:00:06]} 25. Be3 {[%emt 0:00:02]} Rd5 {[%emt 0:13:49]} 26. Kg2 {[%emt 0:11:11]} g5 {[%emt 0:02:39]} 27. h4 {[%emt 0:22:18]} h6 {[%emt 0:07:44]} 28. hxg5 {[%emt 0:01:25]} hxg5 {[%emt 0:00:10]} 29. Rh1 {[%emt 0:00:24]} b6 {[%emt 0:11:18]} 30. cxb6 {[%emt 0:00:36]} axb6 {[%emt 0:00:08]} 31. Rh6 {[%emt 0:00:04]} Bxb4 {[%emt 0:05:50]} 32. Bxg5 {[%emt 0:00:54]} Bf8 {[%emt 0:00:21]} 33. Rxc6 {[%emt 0:00:50]} Rxe5 {[%emt 0:00:05]} 34. Bf6 {[%emt 0:00:23]} Re8 {[%emt 0:09:47]} 35. Rxb6 {[%emt 0:00:12]} Bc5 {[%emt 0:01:18]} 36. Rb5 {[%emt 0:01:40]} Ba7 {[%emt 0:00:13]} 37. Rh5 {[%emt 0:00:08]} 1-0

[Event "AUT-ch Open 2020"]
[Site "Graz"]
[Date "2020.02.20"]
[Round "8.16"]
[White "Valeanu, Eduard-Andrei"]
[Black "Horvath, Reka"]
[Result "1-0"]
[WhiteElo "2427"]
[BlackElo "2018"]
[Annotator "NA"]
[PlyCount "47"]
[EventDate "2020.02.14"]
[EventType "swiss"]
[EventCountry "AUT"]
[SourceTitle "playchess.com"]
[Source "ChessBase"]
[SourceQuality "1"]
[TimeControl "40/5400+30:1800+30"]

1. e4 {[%emt 0:01:25]} c5 {[%emt 0:02:27]} 2. Nc3 {[%emt 0:00:17]} Nc6 {[%emt 0:00:10]} 3. Bb5 {[%emt 0:00:07]} Nd4 {[%emt 0:01:33]} 4. Bc4 {[%emt 0:00:06]} g6 {[%emt 0:00:37]} 5. Nf3 {[%emt 0:00:25]} Bg7 {[%emt 0:00:43]} 6. Nxd4 {[%emt 0:00:16]} cxd4 {[%emt 0:00:08]} 7. Qf3 {[%emt 0:00:06]} Nh6 {[%emt 0:17:11]} 8. d3 {[%emt 0:01:39]} O-O {[%emt 0:09:47]} 9. Ne2 {[%emt 0:00:05]} b5 {[%emt 0:06:17]} 10. Bd5 {[%emt 0:01:31]} Rb8 {[%emt 0:00:08]} 11. Qg3 {[%emt 0:00:50]} Qb6 {[%emt 0:03:35]} 12. Qh4 {[%emt 0:00:55]} g5 {[%emt 0:08:21]} 13. Bxg5 {[%emt 0:00:19]} Kh8 {[%emt 0:03:25]} 14. Bxe7 {[%emt 0:01:12]} Re8 {[%emt 0:00:35]} 15. Bg5 {[%emt 0:02:04]} Bb7 {[%emt 0:04:08]} 16. Bxb7 {[%emt 0:00:48]} Rxb7 {[%emt 0:00:07]} 17. O-O {[%emt 0:00:32]} f5 {[%emt 0:02:18]} 18. Ng3 {[%emt 0:01:44]} fxe4 {[%emt 0:02:42]} 19. Nxe4 {[%emt 0:00:42]} Nf5 {[%emt 0:00:26]} 20. Qh3 {[%emt 0:00:58]} Qg6 {[%emt 0:00:35]} 21. Rae1 {[%emt 0:00:39]} Rg8 {[%emt 0:03:58]} 22. Bf4 {[%emt 0:02:18]} d5 {[%emt 0:02:17]} 23. Ng5 {[%emt 0:02:10]} Rb6 {[%emt 0:04:30]} 24. Qxh7+ {[%emt 0:00:18]} 1-0

[Event "AUT-ch Open 2020"]
[Site "Graz"]
[Date "2020.02.20"]
[Round "8.17"]
[White "Stukan, Martin"]
[Black "Schnider, Gert"]
[Result "1/2-1/2"]
[WhiteElo "2292"]
[BlackElo "2429"]
[Annotator "NA"]
[PlyCount "56"]
[EventDate "2020.02.14"]
[EventType "swiss"]
[EventCountry "AUT"]
[SourceTitle "playchess.com"]
[Source "ChessBase"]
[SourceQuality "1"]
[TimeControl "40/5400+30:1800+30"]

1. e4 {[%emt 0:00:00]} e5 {[%emt 0:00:00]} 2. Nf3 {[%emt 0:00:00]} Nc6 {[%emt 0:00:00]} 3. Bb5 {[%emt 0:00:00]} a6 {[%emt 0:00:00]} 4. Ba4 {[%emt 0:00:00]} Nf6 {[%emt 0:00:00]} 5. O-O {[%emt 0:00:00]} Be7 {[%emt 0:00:01]} 6. Re1 {[%emt 0:00:00]} b5 {[%emt 0:00:05]} 7. Bb3 {[%emt 0:00:00]} d6 {[%emt 0:00:15]} 8. c3 {[%emt 0:00:02]} O-O {[%emt 0:00:08]} 9. h3 {[%emt 0:00:03]} Na5 {[%emt 0:02:24]} 10. Bc2 {[%emt 0:00:04]} d5 {[%emt 0:00:46]} 11. d4 {[%emt 0:01:12]} dxe4 {[%emt 0:02:10]} 12. Nxe5 {[%emt 0:00:33]} c5 {[%emt 0:01:16]} 13. Be3 {[%emt 0:03:15]} Qc7 {[%emt 0:09:56]} 14. Nd2 {[%emt 0:00:43]} Bb7 {[%emt 0:02:57]} 15. Bf4 {[%emt 0:00:26]} Bd6 {[%emt 0:10:49]} 16. Nxe4 {[%emt 0:01:45]} Nxe4 {[%emt 0:03:16]} 17. Bxe4 {[%emt 0:02:05]} f6 {[%emt 0:01:36]} 18. Bxh7+ {[%emt 1:11:31]} Kxh7 {[%emt 0:00:27]} 19. Qh5+ {[%emt 0:00:05]} Kg8 {[%emt 0:00:14]} 20. Ng6 {[%emt 0:00:05]} Rfe8 {[%emt 0:08:47]} 21. Qh8+ {[%emt 0:00:13]} Kf7 {[%emt 0:00:08]} 22. Qh5 {[%emt 0:00:19]} Kg8 {[%emt 0:00:24]} 23. Bxd6 {[%emt 0:05:45]} Qxd6 {[%emt 0:00:10]} 24. dxc5 {[%emt 0:00:24]} Qc7 {[%emt 0:04:46]} 25. Qh8+ {[%emt 0:00:16]} Kf7 {[%emt 0:00:01]} 26. Qh5 {[%emt 0:00:09]} Kg8 {[%emt 0:00:09]} 27. Qh8+ {[%emt 0:03:04]} Kf7 {[%emt 0:00:01]} 28. Qh5 {[%emt 0:00:13]} Kg8 1/2-1/2